000 00510nam a2200217 a 4500
001 nice12345678
003 IN_TiNIC
005 20260116015143.0
008 050524s1978 lona grp 000 0 eng
020 _a
_c0
082 0 0 _a362.76
_bKEM
100 _aKempe, Ruth S
245 _aChild Abuse
_b the Developing Child
260 _aLondon
_bFontana Books
_c1978
300 _a157p
500 _aincludes index and biblioraphy
505 2 _aIndex
902 _bSRS
942 _cBK
999 _c18529
_d18529